Word Ladder: Johnny Depp Quiz Stats

 Plays Quiz Updated Jun 25, 2015

Challenge
Share
Tweet
Embed
Score 0/22 Timer 03:00
0 Plays Today
Clue 4-Letter Word % Correct
Where Neil Armstrong wentMOON
99.2%
✩2013 Depp movie: The ____ Ranger✩✩LONE✩
94.6%
Movie about a talking pigBABE
92.2%
✩2012 Depp movie: ____ Shadows✩✩DARK✩
91.7%
Narrow, rural roadLANE
89.8%
Copenhagen nativeDANE
88.4%
Temporary state of mindMOOD
88.3%
✩1990 Depp movie: Cry-____✩BABY✩
88.3%
Have the courage to do somethingDARE
86.6%
Grasp with one's handsHOLD
86.4%
Older form of 'listen'HARK
84.8%
Clue 4-Letter Word % Correct
Slight difference in the intensity of colorTONE
82.2%
Stop shortHALT
80.9%
Bret of the WWEHART
79.3%
Arrested Development's 'STEVE ____!!!'HOLT
75.6%
✩1993 Depp movie: Benny & ____✩JOON✩
74.6%
Actor Kaplan or MLB's KaplerGABE
74.4%
Carry something heavyTOTE
72.1%
✩1994 Depp movie: Ed ____✩WOOD✩
70.5%
One of two London art galleriesTATE
68.8%
✩1999 Depp movie: The Ninth ____✩GATE✩
68.6%
High, open, uncultivated landWOLD
63.3%

Today's Daily Dose

You're not logged in!

Compare scores with friends on all Sporcle quizzes.
OR
Log In

You Might Also Like...

Show Comments

Extras

Top Quizzes Today


Score Distribution

Your Account Isn't Verified!

In order to create a playlist on Sporcle, you need to verify the email address you used during registration. Go to your Sporcle Settings to finish the process.

Report this User

Report this user for behavior that violates our Community Guidelines.

Details: